书目信息 |
| 题名: |
小伙伴之歌
|
|
| 作者: | 顾晓萌 编 | |
| 分册: | 中/高级 | |
| 出版信息: | 上海 上海音乐出版社 2001 |
|
| 页数: | 230页 | |
| 开本: | 26cm | |
| 丛书名: | ||
| 单 册: | ||
| 中图分类: | J652.6 | |
| 科图分类: | ||
| 主题词: | 儿童歌曲--合唱--世界--选集 , 儿童歌曲 , 合唱 | |
| 电子资源: | ||
| ISBN: | 7-80553-921-9 | |
| 000 | 00787nam0 2200241 450 | |
| 001 | 1261413734 | |
| 005 | 20121019170450.21 | |
| 010 | @a7-80553-921-9@dCNY19.00 | |
| 100 | @a20010627d2001 cd y0chiy0110 ea | |
| 101 | 0 | @achi |
| 102 | @aCN@b310000 | |
| 105 | @ag z 000yy | |
| 200 | 1 | @a小伙伴之歌@Axiao huo ban zhi ge@e中外童声合唱曲精选@i中/高级@f顾晓萌编 |
| 210 | @a上海@c上海音乐出版社@d2001 | |
| 215 | @a230页@d26cm | |
| 330 | @a本级收有“渴望春天”、“小奶牛摇篮曲”、“世界需要热心肠”、“小贝壳”、“幽蓝的天空”、“冻饺子”、“夜晚的星”等40首中外童声合唱曲。 | |
| 606 | 0 | @a儿童歌曲@x合唱@y世界@j选集 |
| 606 | 0 | @a儿童歌曲 |
| 606 | 0 | @a合唱 |
| 690 | @aJ652.6@v4 | |
| 701 | 0 | @a顾晓萌@Agu xiao meng@4编 |
| 801 | 0 | @aCN@bNLC@c20101222 |
| 905 | @a10447@dJ652.6@eJY119:2 | |
| 小伙伴之歌:中外童声合唱曲精选.中/高级/顾晓萌编.-上海:上海音乐出版社,2001 |
| 230页;26cm |
| ISBN 7-80553-921-9:CNY19.00 |
| 本级收有“渴望春天”、“小奶牛摇篮曲”、“世界需要热心肠”、“小贝壳”、“幽蓝的天空”、“冻饺子”、“夜晚的星”等40首中外童声合唱曲。 |
| ● |
| 相关链接 |
|
|
|
|
正题名:小伙伴之歌
索取号:J652.6/JY119:2
 
预约/预借
| 序号 | 登录号 | 条形码 | 馆藏地/架位号 | 状态 | 备注 |
| 1 | 7834216 | 278342161 | 学院路分馆/ [索取号:J652.6/JY119:2] | 在馆 | |
| 2 | 7834217 | 278342170 | 学院路分馆/ [索取号:J652.6/JY119:2] | 在馆 | |
| 3 | 7834233 | 278342330 | 学院路分馆/ [索取号:J652.6/JY119:2] | 在馆 | |
| 4 | 7834234 | 278342349 | 学院路分馆/ [索取号:J652.6/JY119:2] | 在馆 |